| 000 | 00715nam a2200193 4500 | ||
|---|---|---|---|
| 001 | 139098 | ||
| 003 | ES-MaACL | ||
| 005 | 20240518063038.0 | ||
| 007 | t| | ||
| 008 | 070214s1983 sp r ||||1| spa d | ||
| 100 | 0 |
_aSanz y Díaz, José, _d1907-1988 _9103694 |
|
| 245 | 1 | 4 |
_aUna fortificación desconocida _b: las ruinas ciclópeas del Prado de la Lobera / _cJosé Sanz y Díaz. |
| 260 |
_a[Guadalajara : _bs. n., _c1983] |
||
| 300 |
_a4 h. ; _c23 cm. |
||
| 595 | _aTirada aparte de: Was-Al-Hayara: revista de estudios de Guadalajara, n. 10, 1983, p. 321-327. | ||
| 651 | 4 |
_aGuadalajara (Provincia)- _xRestos arqueológicos. _9152537 |
|
| 852 |
_aES-MaACL _j2130-F-27 |
||
| 999 |
_c139098 _d139098 |
||